000 00434pab a2200181 454500
008 180718b2009 xxu||||| |||| 00| 0 eng d
100 _aMishra, K.C.
245 _aAgriculture and crop insurance in India; an overview
260 _c2009
300 _ap.15-17.
362 _aMay
650 _aAgriculture - India
650 _aAgriculture
700 _atripathy, K.K.
773 _aKurukshetra
908 _aN
909 _a82757
999 _c82757
_d82757